[Event "Mendoza-ch"]
[Site "Mendoza"]
[Date "2016.01.26"]
[Round "3"]
[White "Pugliese, Emiliano"]
[Black "De la Rosa, Omar"]
[Result "0-1"]
[WhiteElo "1520"]
[BlackElo "2043"]
[PlyCount "60"]
[EventDate "2016.01.25"]
[EventType "swiss"]
[EventRounds "7"]
[EventCountry "ARG"]
[SourceTitle "EXT 2017"]
[Source "ChessBase"]
[SourceDate "2016.10.25"]
[SourceVersion "1"]
[SourceVersionDate "2016.10.25"]
[SourceQuality "1"]

1. d4 g6 2. Nf3 Nh6 3. Bf4 f6 4. e3 Bg7 5. h3 Nf7 6. Be2 0-0 7. 0-0 e5 8. Bh2 d6 9. c4 Nc6 10. Nc3 f5 11. Rc1 e4 12. Nd2 a6 13. a3 Ne7 14. Re1 Bd7 15. Nf1 Rb8 16. a4 Be6 17. f3 exf3 18. gxf3 f4 19. Bxf4 Bxh3 20. Kf2 Bd7 21. e4 g5 22. Bh2 Nc6 23. d5 Nd4 24. Ke3 Qf6 25. Ng3 g4 26. Nh5 Qh6+ 27. Bf4 Qxh5 28. Rh1 Qg6 29. e5 dxe5 30. Bd3 exf4+ 0-1